000 00424nam a2200157Ia 4500
008 241127s9999||||xx |||||||||||||| ||und||
020 _a9789835201011
_c23.923.9
040 _beng
_cSSK Library
_erda
082 _a621.381/STA
100 _a Les Stackpoole , Mal Morrison , Alan Gregory
245 0 _aElektronik Untuk Mekanik Motor
260 _b Longman
942 _22ddc
_cBOOK
_nNo
999 _c7972
_d7972
003 OSt
005 20241127152731.0